000 00417nam a2200181Ia 4500
001 1004
005 20260306140600.0
008 260306t2005||||xx |||||||||||||| ||spa||
041 _aESP
082 _a179.9
_bB26
100 _aBasso Domingo, F. P.
_eAUT
245 0 _aLa fuente del equilibrio moral y jurídico
260 _c2005
300 _a
_c
650 _aGEN
654 _aCHU
942 _cLIB
_dJUS
_fJUS
_2ddc
_n
999 _c1004
_d1004